| 000 | 01065nam a2200253Ia 4500 | ||
|---|---|---|---|
| 003 | OSt | ||
| 005 | 20200814223542.0 | ||
| 008 | 191128s2006 ck gr 000 0 spa d | ||
| 020 | _a9588059798 | ||
| 040 |
_aCO-JMCR _cCO-JMCR |
||
| 041 | 0 | _aspa | |
| 082 | 0 | 4 |
_a345.02 / _bC911e _223 |
| 100 | 1 |
_aCórdoba Triviño, Jaime, _eautor _98823 |
|
| 245 | 1 | 0 |
_aEstudios de política criminal / _cJaime Córdoba Triviño y Camilo Montoya Reyes |
| 260 |
_aBogotá : _bProcuraduría General de la Nación, _c2006 |
||
| 300 |
_a58 páginas ; _c17 cm. |
||
| 490 | 0 |
_aColección de pensamiento jurídico ; _v18 |
|
| 504 | _aBibliografía: páginas 57-58 | ||
| 505 | 0 | _aPolítica criminal y política penitenciaria -- La crisis de siempre -- El dilema de la fundamentación -- Una realidad ineludible: la reformulación del autoritarismo -- ¿Qué hace? -- La justicia constitucional: Ámbito privilegiado de reducción del autorita | |
| 650 | 1 | 4 |
_aCriminología _98381 |
| 650 | 1 | 4 |
_aDerecho penal _93455 |
| 700 | 1 |
_aMontoya Reyes, Camilo, _eautor _98824 |
|
| 942 |
_2ddc _cBK |
||
| 999 |
_c4703 _d4703 |
||